|
|
|
|
| LEADER |
00776nam a2200217 a 4500 |
| 001 |
1474925 |
| 008 |
091102s1985 bg b 000 0 eng d |
| 010 |
|
|
|a 86900354
|
| 040 |
|
|
|a DLC
|c DLC
|d DLC
|
| 082 |
0 |
0 |
|a 341.24/73
|2 19
|
| 100 |
1 |
|
|a Ahmed, Emajuddin.
|
| 245 |
1 |
0 |
|a SARC, seeds of harmony /
|c Emajuddin Ahamed.
|
| 260 |
|
|
|a Dhaka :
|b University Press,
|c 1985.
|
| 300 |
|
|
|a viii, 103 p. ;
|c 23 cm.
|
| 504 |
|
|
|a Includes bibliographies.
|
| 541 |
1 |
|
|e 00008358
|
| 610 |
2 |
0 |
|a South Asian Regional Cooperation.
|
| 650 |
|
0 |
|a South Asian cooperation.
|
| 852 |
4 |
|
|a Ayesha Abed Library
|j General Shelf.
|
| 999 |
|
|
|c 5034
|d 5034
|
| 952 |
|
|
|0 0
|1 0
|2 ddc
|4 0
|6 341_247300000000000_AHM_1985
|7 0
|9 4861
|a BRACUL
|b BRACUL
|c GEN
|d 2009-11-03
|g 50.00
|l 0
|o 341.2473 AHM
|p 3010008358
|r 2009-11-03
|t 1
|w 2009-11-03
|y BK
|